Elenca la formazione - Quiz n°203 - Statistics

Statistiche generali
  • Questo quiz è stato fatto 109 volte
  • Il punteggio medio è 10 su 11
Statistiche sulle risposte
Ruolo Nazione Calciatore % Corretto
Portiere Italia Gianluigi Buffon
100%
Difensore Colombia Juan Cuadrado
98%
Attaccante Croazia Mario Mandžukić
97%
Centrocampista Bosnia ed Erzegovina Miralem Pjanić
97%
Attaccante Argentina Paulo Dybala
96%
Difensore Marocco Medhi Benatia
91%
Difensore Ghana Kwadwo Asamoah
90%
Centrocampista Germania Sami Khedira
90%
Difensore Italia Andrea Barzagli
89%
Attaccante Brasile Douglas Costa
87%
Centrocampista Francia Blaise Matuidi
84%
Nessun quiz corrispondente trovato
Distribuzione punteggi
Percentuale di utenti per punteggio
Percentile per numero di risposta
I tuoi punteggi nel tempo
Non hai fatto questo quiz